[Event "Match"]
[Site "Tehran IRI"]
[Date "2003.02.15"]
[Round "4"]
[White "Ghaem Maghami,E"]
[Black "Short,N"]
[Result "0-1"]
[WhiteElo "2500"]
[BlackElo "2690"]

1.Nf3 d5 2.c4 d4 3.b4 Bg4 4.Qb3 Bxf3 5.Qxf3 c6 6.e3 e5 7.Qg3 Nd7 8.Bb2 Nh6
9.Bd3 Qf6 10.c5 a5 11.a3 Be7 12.O-O O-O 13.f4 Rfd8 14.exd4 exd4 15.Nc3 Nxc5
16.bxc5 dxc3 17.Bxc3 Bxc5+ 18.Kh1 Bd4 19.Rab1 b5 20.Be4 Nf5 21.Qh3 g6 22.Bxf5 Qxf5
23.Qxf5 gxf5 24.Rfc1 Ra6 25.Rb2 Bxc3 26.Rxc3 b4 27.axb4 axb4 28.Rc1 c5 29.h3 Ra5
30.Rc4 Rb5 31.Kg1 f6 32.Kf2 Kf7 33.Rbc2 b3 34.Rb2 Rd4 35.Rc3 Rxf4+ 36.Ke3 Re4+
37.Kf3 Reb4 38.Re3 c4 39.Rc3 Rd5 40.Ke2 h5 41.d3 Rxd3 42.Rxc4 Rxc4 43.Kxd3 Rb4
44.Kc3 Rb8 45.Kd4 h4 46.Kd3 Kg6 47.Ke3 Kg5 48.Kf3 f4 49.Ke4 Rb7  0-1

[Event "Match"]
[Site "Tehran IRI"]
[Date "2003.02.17"]
[Round "6"]
[White "Ghaem Maghami,E"]
[Black "Short,N"]
[Result "1/2-1/2"]
[WhiteElo "2500"]
[BlackElo "2690"]

1.Nf3 d5 2.c4 e6 3.d4 Nf6 4.Nc3 Nbd7 5.cxd5 exd5 6.Bf4 c6 7.e3 Nh5 8.Bg5 Be7
9.Bxe7 Qxe7 10.Be2 g6 11.O-O O-O 12.a3 Nb6 13.Ne5 Ng7 14.b4 a6 15.Na4 Nxa4
16.Qxa4  1/2-1/2

[Event "1st NAO GM"]
[Site "Paris FRA"]
[Date "2003.02.20"]
[Round "8"]
[White "Maze,S"]
[Black "Marzolo,C"]
[Result "1/2-1/2"]
[WhiteElo "2407"]
[BlackElo "2480"]

1.Nf3 d5 2.c4 e6 3.e3 Nf6 4.b3 c5 5.Bb2 Nc6 6.Be2 d4 7.exd4 cxd4 8.d3 e5
9.O-O Be7 10.Re1 O-O 11.Bf1 Nd7 12.Ba3 Re8 13.Bxe7 Rxe7 14.Nbd2 a5 15.a3 Re8
16.Rb1  1/2-1/2

[Event "Open"]
[Site "Cappelle la Grande FRA"]
[Date "2003.02.23"]
[Round "2"]
[White "Miroshnichenko,E"]
[Black "Klovans,J"]
[Result "1/2-1/2"]
[WhiteElo "2538"]
[BlackElo "2417"]

1.Nf3 d5 2.c4 e6 3.g3 Nf6 4.Bg2 dxc4 5.O-O Nbd7 6.Qc2 Nb6 7.a4 a5 8.Na3 Bxa3
9.Rxa3 O-O 10.Rd1 Nfd5 11.Ne5 Nb4 12.Qc3 N4d5 13.Qc2 Nb4 14.Qc3 N4d5 15.Qd4 Nb4
16.Qc3 N4d5  1/2-1/2

[Event "11th Vasja Pirc Mem"]
[Site "Maribor SLO"]
[Date "2003.02.23"]
[Round "9"]
[White "Brkic,A"]
[Black "Sebenik,M"]
[Result "1/2-1/2"]
[WhiteElo "2402"]
[BlackElo "2438"]

1.Nf3 d5 2.c4 dxc4 3.Qa4+ Nd7 4.Qxc4 e6 5.g3 Ngf6 6.Bg2 Be7 7.O-O O-O 8.b3 a6
9.Qc2 c5 10.Bb2 Rb8 11.Nc3 b6 12.Rfd1 Bb7 13.d4 cxd4 14.Nxd4 Bxg2 15.Kxg2  1/2-1/2

[Event "ch-CZE w"]
[Site "Lahucovice CZE"]
[Date "2003.02.24"]
[Round "5"]
[White "Pertlova,S"]
[Black "Svobodova,M"]
[Result "1-0"]
[WhiteElo "2020"]
[BlackElo "2139"]

1.Nf3 d5 2.c4 c6 3.g3 Nf6 4.Bg2 Bg4 5.O-O e6 6.b3 Be7 7.Bb2 O-O 8.d3 c5 9.Ne5 Bh5
10.Nd2 Ng4 11.Ndf3 Nxe5 12.Nxe5 Nd7 13.cxd5 Nxe5 14.Bxe5 exd5 15.Qd2 Re8
16.e3 Rc8 17.Rac1 Qd7 18.Qb2 Bf8 19.Bc3 d4 20.exd4 Re2 21.Qa1 cxd4 22.Bxd4 Rd8
23.Be3 Ba3 24.Rc4 Bb2 25.Qb1 b5 26.Rc5 Bg6 27.Rd5 Qe8 28.Rxd8 Qxd8 29.Be4 Bd4
30.Re1 Rb2 31.Qc1 h6 32.Qc6 Qa5 33.Qe8+ Kh7 34.Bxg6+ fxg6 35.Bxd4  1-0

[Event "Open"]
[Site "Cappelle la Grande FRA"]
[Date "2003.02.25"]
[Round "5"]
[White "Calotescu,C"]
[Black "Guliev,S"]
[Result "1/2-1/2"]
[WhiteElo "2334"]
[BlackElo "2513"]

1.Nf3 d5 2.c4 c6 3.d4 e6 4.e3 Bd6 5.Bd3 f5 6.O-O Nf6 7.b3 Qe7 8.Bb2 O-O 9.Qc1 b6
10.Ba3 Bb7 11.Bxd6 Qxd6 12.cxd5 cxd5 13.Nc3 Nc6 14.a3 Ne4 15.Ne2 e5 16.Bb5 exd4
17.Bxc6 Bxc6 18.Nfxd4 Bb7 19.Qb2 g5 20.Rfd1 Qe5 21.Rab1 Rac8 22.Rbc1 Rce8
23.Rc2 Rf7 24.Nc1 Ba6 25.Nde2 Qxb2 26.Rxb2 Rc7 27.Na2 Bxe2 28.Rxe2 Nc3 29.Nxc3 Rxc3
30.Rb2 Rd8 31.Kf1 Kf7 32.Ke2 Ke6 33.Rd3 Rc1 34.Rbd2 h5 35.f3 Ke5 36.Kf2 Rh1
37.h3 Rc1 38.Ke2 f4 39.Kf2 Rd7 40.h4 gxh4 41.exf4+ Kxf4 42.Rd4+ Kg5 43.Rxd5+ Rxd5
44.Rxd5+ Kg6 45.Rd7 Rc3 46.Rxa7 Rxb3 47.a4 Ra3 48.Rb7 Rxa4 49.Rxb6+ Kg5 50.Rb5+ Kg6
51.Kg1 Ra1+ 52.Kh2 Rc1  1/2-1/2

[Event "ch-Serbia"]
[Site "Dimitrovgrad YUG"]
[Date "2003.02.28"]
[Round "1"]
[White "Arsovic,Z"]
[Black "Stoimenov,I"]
[Result "1-0"]
[WhiteElo "2420"]
[BlackElo "2054"]

1.Nf3 d5 2.c4 c6 3.g3 Nf6 4.Bg2 e6 5.Qc2 Bd6 6.d4 Nbd7 7.O-O O-O 8.Nc3 Re8
9.b3 Rb8 10.Rd1 b6 11.e4 Nxe4 12.Nxe4 dxe4 13.Qxe4 Bb7 14.Bb2 Qe7 15.Ne5 Nxe5
16.dxe5 Bc7 17.c5 Red8 18.Qa4 Qxc5 19.Qxa7 Qc2 20.Rxd8+ Rxd8 21.Qxb7 Qxb2
22.Rf1 Qxe5 23.Qxc6 g6 24.Rc1 Bd6 25.Qxb6 Rb8 26.Qc6 Ba3 27.Qc7 Bd6 28.Qc3 Qe2
29.Qc2 Qe5 30.Bf3 Ba3 31.Qc7 Bd6 32.Qc3 Qf5 33.Kg2 Ba3 34.Rd1 Kf8 35.Qc7 Ra8  1-0

[Event "1st Breizh Masters"]
[Site "Guingamp FRA"]
[Date "2003.03.01"]
[Round "2"]
[White "Terrieux,K"]
[Black "Le Roux,JP"]
[Result "1/2-1/2"]
[WhiteElo "2212"]
[BlackElo "2364"]

1.Nf3 d5 2.c4 dxc4 3.e3 Nf6 4.Bxc4 e6 5.b3 Bd6 6.Bb2 Nc6 7.d4 O-O 8.O-O Qe7
9.Ne5 Bd7 10.Qe2 Rfd8 11.Nd2 Be8 12.f4 Nb4 13.Ndf3 c5 14.a4 cxd4 15.exd4 Nfd5
16.Nd2 f6 17.Nd3 Nxd3 18.Qxd3 Nxf4 19.Qe3 Nd5 20.Qh3 Bb4 21.Ne4 Bg6 22.Nc3 Qd6
23.Rae1 Bxc3 24.Bxc3 Re8 25.Rf2 Rad8 26.Bd2 Bf7 27.Bd3 f5 28.Bg5 Rc8 29.Bc4 Nb6
30.Bf4 Qxd4 31.Be5 Qg4 32.Qe3 Nd5 33.Qxa7 b6 34.Bxd5 exd5 35.Qxb6 d4 36.h3 Qh4
37.g3 Qxh3 38.Qxd4 Rcd8 39.Qf4 Rd3 40.Rh2 Qg4 41.Qxg4 fxg4 42.b4 Ra3 43.a5 Rb3
44.a6 Rxb4 45.Ra1 Rxe5 46.a7 Bd5 47.Rd2 Bf3 48.a8=Q+ Bxa8 49.Rxa8+ Kf7 50.Ra7+ Ke6
51.Rxg7 h5 52.Rgd7 Rb3 53.Kg2 Ree3 54.R7d6+ Kf5 55.R6d5+ Re5 56.Rd8 Ke4 57.Rf2 Rd3
58.Re2+ Re3 59.Rf2 Re1 60.Ra8  1/2-1/2

[Event "X Anibal Open"]
[Site "Linares ESP"]
[Date "2003.03.01"]
[Round "2"]
[White "Vassallo,M"]
[Black "Delchev,A"]
[Result "0-1"]
[WhiteElo "2443"]
[BlackElo "2583"]

1.Nf3 d5 2.c4 d4 3.g3 c5 4.Bg2 Nc6 5.d3 e5 6.O-O Bd6 7.e3 Nge7 8.Ng5 O-O
9.exd4 cxd4 10.Na3 a6 11.Ne4 Bc7 12.c5 Be6 13.Qh5 Bd5 14.g4 Nb4 15.Qh3 Bc6
16.Nc4 Ng6 17.Ncd6 Bxd6 18.cxd6 Nd5 19.Qh5 f6 20.Rd1 Ndf4 21.Bxf4 Nxf4 22.Qh4 h5  0-1

[Event "10th Metalis Open"]
[Site "Bizovac CRO"]
[Date "2003.03.02"]
[Round "9"]
[White "Loncar,R"]
[Black "Rosandic,D"]
[Result "1-0"]
[WhiteElo "2439"]
[BlackElo "2287"]

1.Nf3 d5 2.c4 e6 3.d4 Nf6 4.Nc3 Bb4 5.cxd5 exd5 6.Bg5 Nbd7 7.e3 c5 8.Qc2 Qa5
9.Bd3 Bxc3+ 10.bxc3 c4 11.Bf5 O-O 12.O-O Re8 13.Nd2 g6 14.Bh3 Ne4 15.Nxe4 dxe4
16.Bxd7 Bxd7 17.Bf4 Qd5 18.Be5 Bc6 19.Rae1 Re6 20.f3 f5 21.f4 Bd7 22.Qf2 Ra6
23.Qh4 Rf8 24.Rf2 Qe6 25.Qh6 Rf7 26.h3 Ra3 27.d5 Qxd5 28.Ree2 Ra6 29.Rd2 Qe6
30.Rd4 b5 31.Rfd2 Rc6 32.Rd6 Qe8 33.Rxc6 Bxc6 34.Rd6 Rb7 35.Qh4  1-0

[Event "10th Metalis Open"]
[Site "Bizovac CRO"]
[Date "2003.03.02"]
[Round "9"]
[White "Pandurevic,M"]
[Black "Jovanic,O"]
[Result "0-1"]
[WhiteElo "2259"]
[BlackElo "2432"]

1.Nf3 d5 2.c4 d4 3.e3 c5 4.exd4 cxd4 5.d3 Nc6 6.g3 e5 7.Bg2 Nf6 8.O-O Be7
9.Re1 Nd7 10.b4 Bxb4 11.Nxe5 Ncxe5 12.Rxe5+ Nxe5 13.Qa4+ Qd7 14.Qxb4 Nxd3
15.Qa3 Nxc1 16.Nd2 Ne2+ 17.Kf1 Qe7 18.Qd3 O-O 19.Re1 Re8 20.Rxe2 Bf5 21.Ne4 Rad8
22.h3 b6 23.g4 Bxe4 24.Bxe4 g6 25.Kg2 Qc5 26.Rb2 Rc8 27.Bd5 a6 28.Qf3 Rc7
29.a4 Rd8 30.Qf6 Rxd5 31.Re2 Re5 32.Rxe5 Qc6+ 33.Qxc6 Rxc6 34.a5 Rxc4 35.axb6 Rb4
36.Re8+ Kg7 37.Rb8 Rb3 38.g5 a5 39.Rd8 d3 40.b7 Rxb7 41.Rxd3 a4 42.h4 Rb4
43.Rd8 Rxh4 44.Kg3 Rb4 45.Ra8 h6 46.gxh6+ Kxh6 47.Ra5 g5 48.Kg2 Kg6 49.Kg3 f6
50.Kg2 Kf7 51.Kg3 Rf4 52.Ra6 Ke7 53.Kg2 Kd7 54.Kg3 Kc7 55.Kg2 Kb7 56.Ra5 Kb6
57.Ra8 Kc5  0-1

[Event "ch-Serbia w"]
[Site "Dimitrovgrad YUG"]
[Date "2003.03.03"]
[Round "4"]
[White "Todorovic,V"]
[Black "Kostic,M"]
[Result "0-1"]
[WhiteElo "2153"]
[BlackElo "2158"]

1.Nf3 d5 2.c4 d4 3.g3 c5 4.Bg2 g6 5.O-O Bg7 6.d3 Nf6 7.b4 O-O 8.bxc5 Nc6
9.Nbd2 Nd7 10.Nb3 e5 11.Rb1 Nb4 12.Ba3 Nxa2 13.c6 bxc6 14.Bxf8 Nxf8 15.Qc2 Nc3
16.Ra1 Qb6 17.Ng5 f5 18.e3 h6 19.exd4 exd4 20.Nf3 Rb8 21.Na5 Bd7 22.Rfe1 Qc5
23.Nd2 Rb4 24.Nb1 Qb6 25.Nxc3 dxc3 26.c5 Qxc5 27.Qa2+ Kh7 28.Qf7 c2 29.Nb3 Qc3
30.d4 Rxb3 31.Re7 Rb1+ 32.Bf1 Qxd4 33.Rxd7 Qxd7 34.Qxd7 Nxd7  0-1

[Event "69th ch-BLR"]
[Site "Minsk BLR"]
[Date "2003.03.04"]
[Round "5"]
[White "Lukashok,A"]
[Black "Zhigalko,S"]
[Result "0-1"]
[WhiteElo "2384"]
[BlackElo "2293"]

1.Nf3 d5 2.c4 d4 3.e3 Nc6 4.d3 e5 5.Be2 Nf6 6.O-O Be7 7.Na3 O-O 8.Nc2 a5
9.b3 Re8 10.a3 Rb8 11.Bb2 dxe3 12.fxe3 e4 13.Ng5 exd3 14.Bxd3 Bg4 15.Qd2 h6
16.Nf3 Bc5 17.Rad1 Qe7 18.Kh1 Ne4 19.Qe1 Rbd8 20.Ncd4 Bb6 21.Nxc6 bxc6 22.Ne5 Bxd1
23.Bxe4 f6 24.Qg3 Bh5 25.Qh3 fxe5 26.Qxh5 Rf8 27.Rg1 Qg5 28.Qxg5 hxg5 29.Bc1 Rd6
30.Re1 Rdf6 31.Kg1 Bc5 32.h3 Rf2 33.Bxc6 Rc2 34.Kh2 Kh8 35.Bd5 Ra2 36.Kg3 Kh7
37.Kg4 Kh6 38.Rd1 Ra1 39.Be4 Bxa3 40.Bxa3 Rxa3 41.Rd5 Rxb3 42.Rxe5 Rxe3 43.g3 g6
44.Re6 Rg8 45.h4 gxh4 46.gxh4 Kg7 47.Kf4 Re1 48.Rxg6+ Kf7 49.Rc6 Rf8 50.Bg6+ Kg7+  0-1

[Event "1st Festival"]
[Site "Nancy FRA"]
[Date "2003.03.04"]
[Round "2"]
[White "David,Vi"]
[Black "Zigura,O"]
[Result "1-0"]
[WhiteElo "2356"]
[BlackElo "2379"]

1.Nf3 d5 2.c4 e6 3.g3 Nf6 4.Bg2 Be7 5.O-O O-O 6.Qc2 c5 7.cxd5 Nxd5 8.a3 Nc6
9.e3 e5 10.b3 Be6 11.Bb2 Bf6 12.d3 Rc8 13.Nbd2 b6 14.Ne4 Re8 15.Rac1 h6 16.Qb1 Bf5
17.Rfe1 Qd7 18.Nfd2 Be7 19.Nc4 Bf8 20.Qa1 f6 21.Qb1 Be6 22.f4 exf4 23.gxf4 Bf7
24.f5 b5 25.Ncd2 Qxf5 26.Rf1 Qg6 27.Rf3 Ne5 28.Rg3 Qh5 29.Rf1 Kh8 30.Nf2 Be6
31.Nh3 Ng4 32.Bxd5 Bxd5 33.e4 Bd6 34.Rf5 Qg6 35.Nf4 Bxf4 36.Rxf4 Be6 37.h3 Qg5
38.Qf1 c4 39.bxc4 bxc4 40.dxc4 Qc5+ 41.Kh1 Ne5 42.Rxf6 Bg4 43.Qf4 Kh7 44.Bxe5 Rxe5
45.Rf7 Rg5 46.Rxg4 Rd8 47.Nf3 Rd1+ 48.Kh2 Kg8 49.Nxg5 hxg5 50.Rxg7+  1-0

[Event "36th Ladies GM"]
[Site "Belgrade YUG"]
[Date "2003.03.05"]
[Round "1"]
[White "Olarasu,G"]
[Black "Savic,Ma"]
[Result "0-1"]
[WhiteElo "2293"]
[BlackElo "2159"]

1.Nf3 d5 2.c4 e6 3.g3 Nf6 4.Bg2 Be7 5.O-O O-O 6.d4 c6 7.Qc2 b6 8.Rd1 Nbd7
9.Nbd2 Bb7 10.e4 Rc8 11.e5 Ne8 12.b3 c5 13.dxc5 Bxc5 14.Bb2 Qe7 15.Rac1 Nc7
16.Nb1 Rfd8 17.Qe2 dxc4 18.bxc4 Na6 19.Nc3 Nb4 20.Nb5 Nf8 21.Bd4 Ng6 22.a3 Bxd4
23.Nfxd4 Bxg2 24.Kxg2 Nc6 25.Nxc6 Rxc6 26.Rxd8+ Qxd8 27.Rd1 Qe7 28.Qe4 Rc8
29.f4 h5 30.Nd6 Rc5 31.Qa8+ Kh7 32.Ne4 Rxc4 33.Ng5+ Kh6 34.Qg8 Nxf4+ 35.gxf4 Rxf4
36.h4 Qb7+ 37.Kg3 Rg4+ 38.Kf2 Qg2+ 39.Ke3 Rg3+ 40.Kf4 Qf2+  0-1

[Event "ch-Serbia w"]
[Site "Dimitrovgrad YUG"]
[Date "2003.03.05"]
[Round "6"]
[White "Todorovic,V"]
[Black "Djukic,Sa"]
[Result "1/2-1/2"]
[WhiteElo "2153"]
[BlackElo "2079"]

1.Nf3 d5 2.c4 c6 3.e3 Nf6 4.Nc3 e6 5.Qc2 Nbd7 6.b3 Bd6 7.Be2 O-O 8.O-O e5
9.cxd5 Nxd5 10.Ne4 Be7 11.d4 f5 12.Nc3 e4 13.Ne5 Nxe5 14.dxe5 Nb4 15.Bc4+ Kh8
16.Qb1 Qc7 17.Bb2 b5 18.Be2 Be6 19.a3 Nd5 20.Qc2 Qb6 21.Rfd1 Rad8 22.Nxd5 Rxd5
23.Rac1  1/2-1/2

[Event "ch-Serbia w"]
[Site "Dimitrovgrad YUG"]
[Date "2003.03.06"]
[Round "7"]
[White "Todorovic,V"]
[Black "Vasic,M"]
[Result "0-1"]
[WhiteElo "2153"]
[BlackElo "2138"]

1.Nf3 d5 2.c4 c6 3.e3 Nf6 4.Nc3 e6 5.Qc2 Nbd7 6.b3 Bd6 7.Be2 O-O 8.O-O e5
9.cxd5 Nxd5 10.Ne4 Be7 11.Ng3 g6 12.Bb2 Bf6 13.d4 Qe7 14.Rfd1 Re8 15.Rac1 exd4
16.Nxd4 Ne5 17.Nf3 Ng4 18.Bxf6 Ngxf6 19.Rd4 b6 20.Bc4 Bb7 21.Qd2 b5 22.Bxd5 Nxd5
23.e4 Nf6 24.Qg5 Kh8 25.h4 Ng8 26.Rcd1 h6 27.Qf4 Qf6 28.Qc7 Re7 29.Rd7 Bc8
30.Rxe7 Qxe7 31.Qxc6 Rb8 32.Qd6 Rb7 33.Qxe7 Rxe7 34.Rd8 Bb7 35.Nd4 Bxe4 36.Nxe4 Rxe4
37.Nxb5 a6 38.Nc7 Re1+ 39.Kh2 Re2 40.a4 Rb2 41.Rb8 a5 42.Nd5 Kg7 43.Ne3 Ne7
44.Nc4 Rxf2 45.Nxa5 Nf5 46.Nc4 g5 47.hxg5 hxg5 48.a5 g4 49.Ne5 Ne3 50.Rb7 Rxg2+
51.Kh1 Rf2 52.a6 g3 53.Rxf7+ Kg8 54.a7 Rh2+ 55.Kg1 Ra2 56.Rf1 Nxf1 57.Kxf1 Rxa7
58.Kg2 Rg7 59.Nf3 Kf7 60.Nd4 Kf6 61.Ne2 Kf5 62.Nd4+ Kg4 63.Ne2 Ra7 64.Nc3 Rc7
65.Nd5 Rc2+ 66.Kg1 Kf3  0-1

[Event "1st Festival"]
[Site "Nancy FRA"]
[Date "2003.03.06"]
[Round "5"]
[White "Spielmann,Al"]
[Black "David,Vi"]
[Result "0-1"]
[WhiteElo "2305"]
[BlackElo "2356"]

1.Nf3 d5 2.c4 dxc4 3.e3 e6 4.Bxc4 Nf6 5.O-O c5 6.Qe2 a6 7.a4 Nc6 8.d4 cxd4
9.Rd1 d3 10.Bxd3 Qc7 11.Nc3 Bd7 12.h3 Bd6 13.e4 Ne5 14.Bg5 Nxf3+ 15.Qxf3 Bh2+
16.Kh1 Be5 17.Rac1 Qb8 18.Re1 h6 19.Bh4 O-O 20.Bxf6 Bxf6 21.e5 Bc6 22.Qg3 Be7
23.Bc2 Rd8 24.Ne4 Rd7 25.Nc3 Rd4 26.Ne2 Rb4 27.Nf4 Qf8 28.Nd3 Rd4 29.b3 Rad8
30.Rcd1 Bh4 31.Qe3 Bg5 32.Qe2 Qe7 33.Kg1 Qc7 34.Nb2 Rd2 35.Qc4 Qa5 36.Rxd2 Rxd2
37.Re2 Rd5 38.Bb1 Rxe5 39.Qc2 Qe1+ 40.Rxe1 Rxe1+  0-1

[Event "Mediteranian Flower WGM"]
[Site "Rejika CRO"]
[Date "2003.03.08"]
[Round "2"]
[White "Franciskovic,B"]
[Black "Medic,Mir"]
[Result "1-0"]
[WhiteElo "1991"]
[BlackElo "2308"]

1.Nf3 d5 2.c4 c6 3.g3 Nf6 4.Bg2 Bf5 5.cxd5 cxd5 6.Qb3 Qc8 7.Nc3 e6 8.d3 Nc6
9.O-O Be7 10.Bf4 O-O 11.Rfc1 Nh5 12.Bd2 Nf6 13.Na4 Qd7 14.Nc5 Bxc5 15.Rxc5 Rac8
16.Bg5 Nd4 17.Nxd4 Rxc5 18.Bxf6 gxf6 19.Nxf5 exf5 20.d4 Rc4 21.Qf3 Rxd4 22.Bh3 Re8
23.Bxf5 Qb5 24.Qh5 Qxe2 25.Qh6 Qd2 26.Bxh7+ Kh8 27.Qxf6+ Kxh7 28.Qxf7+ Kh6
29.Qxe8 Re4 30.Qf8+ Kg6 31.h4 Re1+ 32.Rxe1 Qxe1+ 33.Kg2 Qe5 34.Qg8+ Kh6 35.Qg5+  1-0

[Event "TCh-BEL 2002-3"]
[Site "Belgium BEL"]
[Date "2003.03.09"]
[Round "10"]
[White "Claesen,P"]
[Black "Motwani,P"]
[Result "0-1"]
[WhiteElo "2396"]
[BlackElo "2528"]

1.Nf3 d5 2.c4 dxc4 3.Na3 e5 4.Nxe5 Bxa3 5.Qa4+ b5 6.Qxa3 Nf6 7.b3 Qd6 8.Qxd6 cxd6
9.Nf3 Nc6 10.a4 Nb4 11.Nd4 cxb3 12.axb5 Be6 13.f3 Rc8 14.Kd1 Nc2 15.Nxc2 Rxc2
16.Rb1 Ke7 17.e4 Rhc8 18.Bd3 Nd7 19.Ke2 Ra2 20.Bb2 Rc2 21.Bc1 Rc8 22.Bb2 Ne5
23.Bxe5 dxe5 24.Rhc1 Rxc1 25.Rxc1 b2 26.Rc7+ Kd6 27.Rc6+ Kd7 28.Rc5 Ra3 29.Bc2 Bb3
30.Bb1 Ra1 31.Bd3 Rc1  0-1

[Event "Spring Festival GM"]
[Site "Bucharest ROM"]
[Date "2003.03.15"]
[Round "13"]
[White "Musat,A"]
[Black "Gordin,A"]
[Result "1/2-1/2"]
[WhiteElo "2410"]
[BlackElo "2275"]

1.Nf3 d5 2.c4 e6 3.g3 Nf6 4.Bg2 dxc4 5.Qa4+ Nbd7 6.Qxc4 c5 7.O-O a6 8.Qc2 b5
9.a4 Bb7 10.Nc3 Qb6 11.axb5  1/2-1/2

[Event "Tch-SWE 2002-3"]
[Site "Sweden SWE"]
[Date "2003.03.16"]
[Round "11"]
[White "Eklund,LG"]
[Black "Soderberg,P"]
[Result "1/2-1/2"]
[WhiteElo "2275"]
[BlackElo "2254"]

1.Nf3 d5 2.c4 c6 3.d4 Nf6 4.Nc3 dxc4 5.a4 Bf5 6.Ne5 Nbd7 7.Nxc4 Qc7 8.g3 e5
9.dxe5 Nxe5 10.Bf4 Nfd7 11.Bg2 f6 12.Nxe5 fxe5 13.Be3 Nc5 14.O-O Be7 15.Bxc5 Bxc5
16.Ne4 Be7 17.Qb3 Qb6 18.Qa2 Rd8 19.Rad1 Rd4 20.a5 Qb4 21.a6 b6 22.Rxd4 exd4
23.Rd1 Bd7 24.e3 dxe3 25.fxe3 Rf8 26.Qb1 Qb3 27.Qc1 Qe6 28.Qc3  1/2-1/2

[Event "TCh-AUT B"]
[Site "Mitte AUT"]
[Date "2003.03.23"]
[Round "11"]
[White "Mitter,G"]
[Black "Waldmann,G"]
[Result "1-0"]
[WhiteElo "2187"]
[BlackElo "2160"]

1.Nf3 d5 2.c4 c6 3.g3 Bg4 4.Bg2 e6 5.O-O Nd7 6.d4 Bd6 7.b3 h5 8.Nc3 h4 9.cxd5 exd5
10.e4 hxg3 11.fxg3 Bb4 12.Qd3 Bxc3 13.Qxc3 dxe4 14.Ng5 Ngf6 15.Ba3 Nd5 16.Qc1 N7f6
17.Bxe4 Qd7 18.Qc5 b6 19.Qc4 O-O-O 20.Bxd5 Qxd5 21.Nxf7 Qxc4 22.bxc4 Be2
23.Rfc1 Rhe8 24.Nxd8 Rxd8 25.d5 cxd5 26.cxd5+ Kb7 27.d6 Rd7 28.Rc2 Bd3 29.Rc3 Bf5
30.Rac1 Ne8 31.Re1 Nxd6 32.Bxd6 Rxd6 33.Re7+ Ka6 34.Ra3+ Kb5 35.Re5+ Kb4
36.Rb3+  1-0

[Event "Spring Festival IM"]
[Site "Bucharest ROM"]
[Date "2003.03.24"]
[Round "5"]
[White "Barnaure,V"]
[Black "Bets,A"]
[Result "1/2-1/2"]
[WhiteElo "2309"]
[BlackElo "2357"]

1.Nf3 d5 2.c4 c6 3.d4 e6 4.Qc2 dxc4 5.Qxc4 b5 6.Qc2 Bb7 7.e4 Nd7 8.Bd3 a6
9.Be3 Rb8 10.Qe2 c5 11.O-O Ngf6 12.Nbd2 cxd4 13.Bxd4 Bc5 14.Bxc5 Nxc5 15.Bc2  1/2-1/2

[Event "69th ch-BLR"]
[Site "Minsk BLR"]
[Date "2003.03.28"]
[Round "1"]
[White "Surma,D"]
[Black "Novitzkij,D"]
[Result "1-0"]
[WhiteElo "2383"]
[BlackElo "2384"]

1.Nf3 d5 2.c4 c6 3.b3 Nf6 4.Bb2 Bg4 5.e3 Bxf3 6.Qxf3 Nbd7 7.Qd1 e6 8.Be2 Bd6
9.Nc3 O-O 10.d4 Qe7 11.O-O Rad8 12.Rc1 dxc4 13.bxc4 e5 14.Qb3 Rb8 15.Rfd1 Rfe8
16.a4 exd4 17.exd4 Ne4 18.Nxe4 Qxe4 19.Bf3 Qe7 20.a5 a6 21.g3 Nf6 22.Qd3 Rbd8
23.Rb1 Bb4 24.Bc3 Bxc3 25.Qxc3 Rd7 26.Rb6 Ne4 27.Qc2 f5 28.Qb2 Qf7 29.d5 cxd5
30.Rxd5 Rxd5 31.cxd5 Ng5 32.Qb3 Re5 33.Bd1 Rxd5 34.Qxd5 Qxd5 35.Bb3 Nf3+
36.Kh1 Qxb3 37.Rxb3 Nd4 38.Rxb7 Nc6 39.Rb6 Nxa5 40.Rxa6 Nc4 41.Rc6 Nd2 42.Rc5 g6
43.Rc7 Nf3 44.Kg2 Ng5 45.f3 Nf7 46.Kf2 Kg7 47.Ke3 Kf6 48.Rc6+ Kg7 49.Kf4 Kh6
50.h3 Ng5 51.g4 Nxh3+ 52.Kg3 fxg4 53.f4 Kh5 54.Rc7  1-0

[Event "29th ch-BAN"]
[Site "Dhaka BAN"]
[Date "2003.03.31"]
[Round "5"]
[White "Murshed,N"]
[Black "Hasan,M"]
[Result "1-0"]
[WhiteElo "2435"]
[BlackElo "2211"]

1.Nf3 d5 2.c4 e6 3.d4 dxc4 4.Qa4+ Bd7 5.Qxc4 Bc6 6.Nc3 Nf6 7.Ne5 Be7 8.Bf4 O-O
9.a3 a6 10.e3 Bd5 11.Nxd5 exd5 12.Qb3 Qc8 13.Bd3 c6 14.h4 Nbd7 15.Bf5 Ra7
16.h5 Qd8 17.Qc2 h6 18.Rh3 Kh8 19.Kf1 Ra8 20.Rd1 Nb6 21.a4 Nc8 22.Qe2 Nd6
23.Bb1 Re8 24.Qc2 Kg8 25.f3 Kf8 26.g4 Ng8 27.Kf2 Bh4+ 28.Kg2 Re6 29.Ba2 Bg5
30.Bxg5 hxg5 31.e4 Rc8 32.Qd2 Ne8 33.Rhh1 a5 34.Rc1 Re7 35.exd5 Nef6 36.Qxg5 Nxd5
37.Bxd5 cxd5 38.Qf5 Rxc1 39.Rxc1 Rc7 40.Ng6+ Ke8 41.Re1+ Ne7 42.Nh8 f6 43.Ng6 Qd6
44.Qe6 Rc2+ 45.Kf1  1-0

[Event "XII It II"]
[Site "Dos Hermanas ESP"]
[Date "2003.04.03"]
[Round "6"]
[White "Franco Ocampos,Z"]
[Black "Teran Alvarez,I"]
[Result "1-0"]
[WhiteElo "2506"]
[BlackElo "2404"]

1.Nf3 d5 2.c4 c6 3.d4 Nf6 4.Nc3 a6 5.c5 Nbd7 6.Bf4 Nh5 7.e3 g6 8.Be2 Bg7
9.O-O O-O 10.Rc1 Nxf4 11.exf4 Qc7 12.g3 f6 13.Nh4 e5 14.f5 exd4 15.Na4 Ne5
16.Nb6 Rb8 17.Nxc8 Qxc8 18.f4 g5 19.fxe5 fxe5 20.Nf3 Rxf5 21.g4 Rf8 22.Nxg5 Rxf1+
23.Qxf1 Qd7 24.Qf5 Qxf5 25.gxf5 e4 26.Ne6 d3 27.Bh5 Bxb2 28.Rb1 Bf6 29.Kf2 b5
30.cxb6 c5 31.Ke3 c4 32.Nf4 c3 33.Rg1+ Kf8 34.Nxd5 Bg7 35.Kxe4 d2 36.Kd3 Rd8
37.Bf3 Be5 38.Kc2  1-0

[Event "National I"]
[Site "Besancon FRA"]
[Date "2003.04.04"]
[Round "4"]
[White "Moret,V"]
[Black "Godena,M"]
[Result "0-1"]
[WhiteElo "2178"]
[BlackElo "2527"]

1.Nf3 d5 2.c4 e6 3.g3 Nf6 4.Bg2 Nbd7 5.b3 Bd6 6.Bb2 O-O 7.O-O Qe7 8.Qc2 c6
9.d3 e5 10.e4 dxe4 11.dxe4 Re8 12.Rd1 Nf8 13.Nbd2 Bg4 14.h3 Bh5 15.Nf1 Bxf3
16.Bxf3 Bc5 17.Bg2 Qc7 18.Nh2 h5 19.Nf3 Ng6 20.Bc3 Qb6 21.Rd2 a5 22.a4 h4
23.g4 Bb4 24.Bxb4 Qxb4 25.Rad1 Qe7 26.Nh2 Red8 27.Qc3 Nh7 28.Nf1 Ng5 29.Rxd8+ Rxd8
30.Rxd8+ Qxd8 31.Qd2 Qxd2 32.Nxd2 Nf4 33.Kh2 Nd3 34.Kg1 Nc5 35.Kf1 f6 36.f3 Nge6
37.Ke2 Nd4+  0-1

[Event "29th ch-BAN"]
[Site "Dhaka BAN"]
[Date "2003.04.04"]
[Round "9"]
[White "Murshed,N"]
[Black "Alam,MdM"]
[Result "1-0"]
[WhiteElo "2435"]
[BlackElo "2133"]

1.Nf3 d5 2.c4 e6 3.d4 c6 4.Nbd2 Nd7 5.e4 dxe4 6.Nxe4 Be7 7.Bd3 Ngf6 8.O-O b6
9.Bf4 Nxe4 10.Bxe4 Bb7 11.Ne5 Nxe5 12.Bxe5 Bf6 13.Qf3 Rc8 14.Rfd1 O-O 15.Qa3 a6
16.Bd6 Re8 17.c5 b5 18.Qg3 g6 19.a4 Qd7 20.h4 Bg7 21.h5 f5 22.Bf3 Qf7 23.hxg6 hxg6
24.Be5 Bf6 25.axb5 axb5 26.Ra7 Re7 27.Bxf6 Qxf6 28.Qe5 Kf7 29.b4 Rd7 30.Re1 Ra8
31.Rxb7 Rxb7 32.Bxc6 Rba7 33.Bxa8 Rxa8 34.Qc7+ Qe7 35.Qxe7+ Kxe7 36.d5 Ra4
37.Rxe6+ Kf7 38.c6 Rxb4 39.c7  1-0

[Event "National I"]
[Site "Besancon FRA"]
[Date "2003.04.05"]
[Round "5"]
[White "Nikolaidis,I"]
[Black "Bricard,E"]
[Result "1/2-1/2"]
[WhiteElo "2498"]
[BlackElo "2458"]

1.Nf3 d5 2.c4 e6 3.d4 Nf6 4.Nc3 Be7 5.g3 O-O 6.Bg2 Nbd7 7.Qb3 Nb6 8.cxd5 exd5
9.O-O c6 10.Bg5 Ne4 11.Bxe7 Qxe7 12.e3 Bf5 13.Nh4 Be6 14.Qc2 Nd6 15.Na4 Nxa4
16.Qxa4 Qd7 17.Qb4 Rfd8  1/2-1/2

[Event "National I"]
[Site "Bordeaux FRA"]
[Date "2003.04.06"]
[Round "6"]
[White "Peyrat,O"]
[Black "Cornette,M"]
[Result "0-1"]
[WhiteElo "2286"]
[BlackElo "2325"]

1.Nf3 d5 2.c4 d4 3.e3 Nc6 4.exd4 Nxd4 5.Nxd4 Qxd4 6.Nc3 c6 7.d3 Nh6 8.Be3 Qd6
9.Be2 Nf5 10.O-O g6 11.Qd2 Bg7 12.Rad1 Nd4 13.Ne4 Qc7 14.Bxd4 Bxd4 15.Qh6 Qe5
16.b4 a5 17.a3 axb4 18.axb4 f5 19.Ng3 Ra2 20.Bf3 Kf7 21.Rb1 Bd7 22.c5 Bc3
23.Rfd1 Bd4 24.Rd2 Be3 25.fxe3 Rxd2 26.d4 Qf6 27.Qf4 Ra8 28.Qc7 Qe6 29.Nf1 Rda2
30.Qxb7 R2a7 31.Qb6 Ra1 32.Rxa1 Rxa1 33.Kf2 Qc4 34.Ng3 f4 35.Ne2 fxe3+ 36.Kxe3 Ra3+
37.Kf2 Ra2 38.Ke3 Ra3+ 39.Kf2 Qd3 40.Qc7 Qe3+ 41.Kg3 Qg5+ 42.Kf2 Qe3+ 43.Kg3 Qg5+
44.Kf2 Qe3+  0-1

[Event "OSS IM"]
[Site "Oslo NOR"]
[Date "2003.04.06"]
[Round "6"]
[White "Kristensen,Bj"]
[Black "Hjelm,N"]
[Result "1/2-1/2"]
[WhiteElo "2397"]
[BlackElo "2323"]

1.Nf3 d5 2.c4 dxc4 3.Na3 a6 4.Nxc4 b5 5.Nce5 f6 6.Nd3 e5 7.e4 Nh6 8.b4 Bb7
9.Nc5 Bxc5 10.bxc5 Bxe4 11.d4 Nc6 12.Bxh6 gxh6 13.dxe5 Qxd1+ 14.Rxd1 fxe5
15.a4 Rb8 16.axb5 axb5 17.Bd3 Bxd3 18.Rxd3 Ke7 19.Re3 Kf6 20.Nd2 Rhd8 21.f4 exf4
22.Rf1 Re8 23.Rxf4+ Kg5 24.Rfe4 Rxe4 25.Rxe4 Kf6 26.Rh4 Re8+ 27.Kd1 Kg6 28.Rg4+ Kf7
29.Rf4+  1/2-1/2

[Event "National I"]
[Site "Besancon FRA"]
[Date "2003.04.07"]
[Round "7"]
[White "Moret,V"]
[Black "Bujisho,B"]
[Result "0-1"]
[WhiteElo "2178"]
[BlackElo "2411"]

1.Nf3 d5 2.c4 c6 3.b3 Bg4 4.Bb2 e6 5.e3 Nd7 6.Be2 Ngf6 7.d3 Bc5 8.O-O O-O
9.Nbd2 Qe7 10.Re1 e5 11.d4 exd4 12.Nxd4 Bxe2 13.Rxe2 g6 14.cxd5 Nxd5 15.Qc2 Rae8
16.Rc1 Bd6 17.N4f3 Ne5 18.Nxe5 Bxe5 19.Bxe5 Qxe5 20.Nf3 Qh5 21.Rd2 Qh6 22.Qc5 a6
23.Qd4 Re7 24.Qh4 Qxh4 25.Nxh4 Rd8 26.g3 Red7 27.Rcd1 Kf8 28.Nf3 Nb6 29.Kf1 Ke7
30.Ke2 Nd5 31.Ke1 Nb4 32.Rxd7+ Rxd7 33.Rxd7+ Kxd7 34.a4 Nd3+ 35.Kf1 Kd6 36.Nd2 Kc5
37.Ke2 Ne5 38.f4 Nd7 39.Kd3 Kb4 40.Kc2 Nc5 41.g4 b5 42.axb5 cxb5 43.h4 a5
44.h5 a4 45.hxg6 hxg6 46.bxa4 bxa4 47.Nf3 a3 48.Ne5 f6 49.Nc6+ Kc4 50.g5 f5
51.Ne5+ Kb4 52.Nc6+ Kb5 53.Ne5 Kb4 54.Nc6+ Ka4 55.Ne5 Na6 56.Kc3 Nb4 57.Nc4 Nd5+
58.Kc2 Kb4 59.Nxa3 Kxa3 60.Kd3 Kb4 61.Kd4 Nxe3 62.Kxe3 Kc3  0-1